00321nam a2200133Ia 45000030006000000080041000060400015000471000015000622450011000772600062000883000006001505460014001560050017001700STCL150530s9999 xx 000 0 und d aSTCLcSTCL aSairaj K P aBonsai bState Institue of Languages; Trivandrumc1993aTrivandrum a0 aMalayalam20220125165814.0